000 00668nam a2200205Ia 4500
003 IN-BaIIA
008 211028s9999 xx 000 0 eng d
020 _a0-333-55867-7
040 _cIIA Library
080 _a058(100)
_bHUN
245 4 _aThe Statesman's year-book
_bstatistical and historical annual of the states of the World for the 1992-1993
_cedited by Brian Hunter
250 _a129th ed.
260 _aLondon
_bMacmillan
_c1992
300 _axlviii,1702p
650 _aNASA Thesaurus
650 _aNations-Yearbook
_917973
650 _aYearbook-Nations
_917974
700 _aHunter, Brian ed
_917975
942 _cBK
999 _c10559
_d10559